00667 2200241 4500001002100000005001500021035002000036007000300056008004100059020002200100082001000122084001600132100001500148245007500163250001000238260004200248300002200290500004800312700002200360600002100382990001100403990001100414INLIS00000000000323120190418094233 a0010-0419000007ta190418 e 0 ind  a978-602-1142-07-3 a152.4 a152.4 MAU m1 aMAURUS, J.1 aMengembangkan Emosi Positif /cJ. Maurus; penerjemah, Zulkarnaen Ishak acet.5 aYogyakarta :bBright Publisher,c2018 a156 hlm. ;c21 cm aJudul asli :Make Your Emotions Work for You0 aZULKARNAEN, Ishak 4aPSIKOLOGI. EMOSI a6763 a a6763 b